[Event "Asia-ch Amateur"]
[Site "Dubai"]
[Date "2023.09.01"]
[Round "7"]
[White "Khalifa Essa, Albalooshi"]
[Black "Rahimi, Aref"]
[Result "1-0"]
[WhiteElo "1808"]
[BlackElo "1668"]
[PlyCount "85"]
[EventDate "2023.08.28"]
[EventType "swiss"]
[EventRounds "9"]
[EventCountry "UAE"]
[SourceTitle "EXT 2024"]
[Source "ChessBase"]
[SourceDate "2023.10.10"]
[SourceVersion "1"]
[SourceVersionDate "2023.10.10"]
[SourceQuality "1"]

1. c4 c6 2. d4 d5 3. Nf3 Nf6 4. Nbd2 e6 5. g3 Be7 6. Bg2 0-0 7. 0-0 Nbd7 8. Qc2 Re8 9. b3 Bf8 10. Bb2 b6 11. e4 dxe4 12. Nxe4 Bb7 13. Rad1 Qc7 14. Ne5 Rad8 15. Ng5 Re7 16. Rfe1 h6 17. Ne4 Nxe4 18. Qxe4 Nxe5 19. Qxe5 Qxe5 20. Rxe5 Red7 21. Re3 Be7 22. Rd2 Bf6 23. Red3 Kf8 24. Kf1 Ke8 25. Ke2 c5 26. Bxb7 Rxb7 27. Ke3 Rbd7 28. f4 g5 29. Ke4 Bg7 30. a3 f5+ 31. Ke3 g4 32. b4 h5 33. Rd1 Kf7 34. Bc3 Bf6 35. dxc5 Rxd3+ 36. Rxd3 bxc5 37. Bxf6 Rxd3+ 38. Kxd3 Kxf6 39. bxc5 e5 40. fxe5+ Kxe5 41. Ke3 h4 42. gxh4 f4+ 43. Kf2 1-0

[Event "Sharjah Rapid op 27th"]
[Site "Sharjah"]
[Date "2022.04.06"]
[Round "2"]
[White "Khalifa Essa, Albalooshi"]
[Black "Miladinovic, Igor"]
[Result "0-1"]
[WhiteElo "1647"]
[BlackElo "2509"]
[PlyCount "40"]
[EventDate "2022.04.06"]
[EventType "swiss (rapid)"]
[EventRounds "9"]
[EventCountry "UAE"]
[SourceTitle "CBM 207 Extra"]
[Source "ChessBase"]
[SourceDate "2022.05.31"]
[SourceVersion "1"]
[SourceVersionDate "2022.05.31"]
[SourceQuality "1"]

1. d4 d5 2. c4 Nc6 3. Nf3 Bg4 4. Nc3 e6 5. e3 a6 6. Be2 dxc4 7. Bxc4 Nf6 8. h3 Bh5 9. 0-0 Bd6 10. Be2 0-0 11. e4 Bxf3 12. Bxf3 Nxd4 13. Bg5 Be5 14. Re1 c5 15. g4 Qc7 16. Bg2 Rad8 17. Qc1 h6 18. Be3 g5 19. Na4 c4 20. Rd1 Ne2+ 0-1

[Event "UAE-ch President Cup"]
[Site "Abu Dhabi"]
[Date "2019.12.22"]
[Round "8"]
[White "Altaher, Saeed Tarek"]
[Black "Khalifa Essa, Albalooshi"]
[Result "0-1"]
[WhiteElo "1648"]
[BlackElo "1581"]
[PlyCount "92"]
[EventDate "2019.12.15"]
[EventType "swiss"]
[EventRounds "9"]
[EventCountry "UAE"]
[SourceTitle "CBM 193 Extra"]
[Source "ChessBase"]
[SourceDate "2020.01.31"]
[SourceVersion "1"]
[SourceVersionDate "2020.01.31"]
[SourceQuality "1"]

1. e4 c5 2. Nf3 e6 3. c3 Nf6 4. e5 Nd5 5. d4 cxd4 6. cxd4 d6 7. Be2 Nc6 8. 0-0 Be7 9. Nbd2 0-0 10. Nc4 a6 11. Bd2 b5 12. Ne3 Nf4 13. Re1 Qb6 14. Bf1 dxe5 15. dxe5 Ng6 16. a4 Rb8 17. a5 Qa7 18. Nc2 Rd8 19. Qe2 Bc5 20. b4 Bd4 21. Ncxd4 Nxd4 22. Nxd4 Qxd4 23. Rad1 Rd5 24. Qe3 Bb7 25. Qxd4 Rxd4 26. Bc3 Rxd1 27. Rxd1 Bd5 28. f4 Nxf4 29. Bd2 Ng6 30. Re1 Rc8 31. Bd3 Ne7 32. Re3 Bb7 33. Kf2 Rd8 34. Rh3 Ng6 35. Bxg6 Rxd2+ 36. Ke3 Rb2 37. Bxh7+ Kf8 38. Bd3 Rxb4 39. Rh8+ Ke7 40. Rh7 Rg4 41. g3 b4 42. Rh8 b3 43. Rb8 Rb4 44. Bxa6 b2 45. Bd3 Rb3 46. Ke2 Bf3+ 0-1

[Event "UAE-ch President Cup"]
[Site "Abu Dhabi"]
[Date "2019.12.21"]
[Round "7"]
[White "Khalifa Essa, Albalooshi"]
[Black "Al Hosani, Omran"]
[Result "0-1"]
[WhiteElo "1581"]
[BlackElo "2289"]
[PlyCount "44"]
[EventDate "2019.12.15"]
[EventType "swiss"]
[EventRounds "9"]
[EventCountry "UAE"]
[SourceTitle "CBM 193 Extra"]
[Source "ChessBase"]
[SourceDate "2020.01.31"]
[SourceVersion "1"]
[SourceVersionDate "2020.01.31"]
[SourceQuality "1"]

1. d4 Nf6 2. c4 e6 3. g3 d5 4. Bg2 Be7 5. Nf3 0-0 6. 0-0 dxc4 7. e3 c5 8. dxc5 Qa5 9. Qe2 Qxc5 10. Nfd2 Nc6 11. Qxc4 Qh5 12. Nf3 e5 13. Nc3 Be6 14. Qh4 Qxh4 15. Nxh4 Rfd8 16. Nf3 Bb4 17. Nd2 Rac8 18. f4 exf4 19. gxf4 Bg4 20. Nb3 Rd3 21. Nb5 Be2 22. Bxc6 Bxf1 0-1

[Event "UAE-ch President Cup"]
[Site "Abu Dhabi"]
[Date "2019.12.20"]
[Round "6"]
[White "Ammar, Sedrani"]
[Black "Khalifa Essa, Albalooshi"]
[Result "1-0"]
[WhiteElo "2145"]
[BlackElo "1581"]
[PlyCount "43"]
[EventDate "2019.12.15"]
[EventType "swiss"]
[EventRounds "9"]
[EventCountry "UAE"]
[SourceTitle "CBM 193 Extra"]
[Source "ChessBase"]
[SourceDate "2020.01.31"]
[SourceVersion "1"]
[SourceVersionDate "2020.01.31"]
[SourceQuality "1"]

1. d4 e6 2. e4 d5 3. Nc3 dxe4 4. Nxe4 Nd7 5. Bd3 Ngf6 6. Qe2 c5 7. Nxf6+ Nxf6 8. dxc5 Bxc5 9. c3 Qd5 10. Nf3 Bd7 11. Bg5 Ng4 12. 0-0 h6 13. Be4 Qd6 14. Bh4 Qb6 15. Rad1 g5 16. Bg3 Nf6 17. Be5 Be7 18. Bd4 Qc7 19. Ne5 0-0 20. Nxd7 Nxd7 21. Qh5 e5 22. Qxh6 1-0

[Event "Dubai HOC blitz op"]
[Site "Dubai"]
[Date "2019.08.11"]
[Round "9"]
[White "Hashem, Khaled"]
[Black "Khalifa Essa, Albalooshi"]
[Result "1-0"]
[WhiteElo "1958"]
[BlackElo "1462"]
[PlyCount "57"]
[EventDate "2019.08.11"]
[EventType "swiss (blitz)"]
[EventRounds "9"]
[EventCountry "UAE"]
[SourceTitle "EXT 2020"]
[Source "ChessBase"]
[SourceDate "2019.10.17"]
[SourceVersion "1"]
[SourceVersionDate "2019.10.17"]
[SourceQuality "1"]

1. d4 Nf6 2. c4 e6 3. Nc3 Bb4 4. Nf3 b6 5. g3 Bb7 6. Bg2 Bxc3+ 7. bxc3 Ne4 8. Qc2 f5 9. 0-0 0-0 10. Nd2 Nd6 11. Bxb7 Nxb7 12. e4 Nd6 13. e5 Nf7 14. f4 Nh8 15. Nf3 Ng6 16. d5 h5 17. Ng5 Qe7 18. a4 h4 19. dxe6 dxe6 20. Ba3 Qd7 21. Bxf8 Kxf8 22. Rad1 Qc6 23. Rd8+ Ke7 24. Rfd1 Nd7 25. R1xd7+ Qxd7 26. Rxd7+ Kxd7 27. Qd3+ Ke7 28. Nxe6 Kxe6 29. Qd5+ 1-0